000 00894nam0a2200301 4500
001 RU\NLR\bibl\57170
005 20250616090159.0
010 _a5-05-004831-1
_965000
021 _aRU
_b99-17237п
_90606п
035 _a(NLR Aleph) 000055757
090 _a301257
_c301257
100 _a19991105d1999 |||y0rusy50 ca
101 1 _arus
_ceng
102 _aRU
105 _ay |||||||||
200 1 _aКлятва в ночи
_eРоман
_fКэрол Грейс
_gПер. с англ. [М. Авдокушиной]
210 _aМ.
_cРадуга
_d1999
215 _a188, [1] с.
_d17
225 1 _aЛюбовный роман
_v302
686 _aШ6(7США)67-440.4
700 1 _aГрейс
_bК.
_gКэрол
_4070
801 0 _aRU
_bNLR
_c19991105
_gPSBO
801 1 _aRU
_bNLR
_c19991105
852 _aNLR
_j99-2/2533
942 _cBOOK
980 _aNB